000 00587nam a2200193 i 4500
001 74345
003 ES-MaACL
005 20231222203032.0
007 t|
008 040917s1901 sp ||||1| spa d
100 1 _aGonzález Negro, Eliseo.
_958837
245 1 0 _aEstudio biográfico de Don Juan Nicasio Gallego /
_cEliseo González Negro.
260 _aZamora :
_b[s.n.,
_c1901] (
_fImp. San José)
300 _a66 p. ;
_c21 cm.
502 _aTesis doctoral.
600 1 7 _aGallego, Juan Nicasio,
_d1777-1853
_2embne
_953536
852 _aES-MaACL
_j1717-F-6
999 _c74345
_d74345